[Event "Llinars del Valles op-B 8th"]
[Site "Llinars del Valles"]
[Date "2014.06.07"]
[Round "6"]
[White "Castillo Martinez, Aran"]
[Black "Feliu Paradeda, Marta"]
[Result "1/2-1/2"]
[WhiteElo "1880"]
[BlackElo "1795"]
[PlyCount "100"]
[EventDate "2014.04.26"]
[EventType "swiss"]
[EventRounds "8"]
[EventCountry "ESP"]
[SourceTitle "EXT 2015"]
[Source "ChessBase"]
[SourceDate "2014.11.20"]
[SourceVersion "1"]
[SourceVersionDate "2014.11.20"]
[SourceQuality "1"]

1. c4 c6 2. Nc3 Nf6 3. g3 e6 4. Bg2 d5 5. cxd5 cxd5 6. d4 Nc6 7. Nf3 Be7 8. e3 0-0 9. 0-0 b6 10. a3 Bb7 11. b4 a6 12. Bb2 Na7 13. Qd3 Qd7 14. Rfe1 Rfc8 15. Ne5 Qe8 16. f3 Rc7 17. e4 Nc6 18. exd5 Nxe5 19. dxe5 Nxd5 20. Nxd5 Bxd5 21. Rac1 Rd7 22. Qe2 Qf8 23. Bd4 Qb8 24. Rc3 h6 25. Rec1 Qb7 26. Qf2 b5 27. Bc5 Rc7 28. f4 Bxg2 29. Qxg2 Bxc5+ 30. Rxc5 Qxg2+ 31. Kxg2 Rxc5 32. Rxc5 Kf8 33. Kf2 Ke8 34. Rc7 a5 35. bxa5 Rxa5 36. Rb7 Rxa3 37. Rxb5 Ra2+ 38. Kg1 Ra1+ 39. Kg2 Ra2+ 40. Kh3 Rd2 41. Rb8+ Rd8 42. Rxd8+ Kxd8 43. Kg4 Ke7 44. h4 g6 45. h5 Kf8 46. Kh4 Kg7 47. g4 f6 48. exf6+ Kxf6 49. g5+ Kg7 50. gxh6+ Kxh6 1/2-1/2

[Event "Catalunya-ch U14"]
[Site "Saragosa"]
[Date "2014.02.01"]
[Round "5.2"]
[White "Arribas Viera, David"]
[Black "Feliu Paradeda, Marta"]
[Result "1-0"]
[WhiteElo "1856"]
[BlackElo "1795"]
[PlyCount "49"]
[EventDate "2014.01.25"]
[EventType "swiss"]
[EventRounds "8"]
[EventCountry "ESP"]
[SourceTitle "EXT 2024"]
[Source "ChessBase"]
[SourceDate "2023.10.10"]
[SourceVersion "1"]
[SourceVersionDate "2023.10.10"]
[SourceQuality "1"]

1. d4 d5 2. Bf4 Nf6 3. e3 Nbd7 4. Nf3 c5 5. c3 e6 6. Nbd2 Be7 7. Bd3 0-0 8. Ne5 Nxe5 9. Bxe5 cxd4 10. exd4 Bd6 11. Nf3 Bxe5 12. Nxe5 Rb8 13. 0-0 Qc7 14. Qe2 Nd7 15. f4 a6 16. g4 b5 17. a3 Bb7 18. g5 f6 19. Bxh7+ Kxh7 20. Qh5+ Kg8 21. g6 Rfd8 22. Qh7+ Kf8 23. Qh8+ Ke7 24. Qxg7+ Kd6 25. Nf7+ 1-0